International plastics handbook : the resource for plastics engineers

Saved in:
Bibliographic Details
Main Author Osswald, Tim A. (Author)
Format Book
LanguageEnglish
Published Munich : Cincinnati : Hanser Publishers ; Hanser Gardner Publications, c2006
Edition4th ed.
Subjects
ISBN9781569903995
1569903999
Physical Descriptionxvii, 902 s. il.

Cover

LEADER 00000cam a22000008a 4500
001 29178
003 CZ-ZlUTB
005 20190825235657.0
008 060419s2006 xxu f 000 0 eng
020 |a 9781569903995  |q (váz.) 
020 |a 1569903999  |q (váz.) 
040 |a DLC  |c DLC  |d DLC  |d ZLD002 
072 7 |a 678  |x Průmysl makromolekulárních látek. Gumárenský průmysl. Průmysl plastů  |2 Konspekt  |9 19 
080 |a 678.5/.8  |2 MRF 
080 |a (035)  |2 MRF 
245 0 0 |a International plastics handbook :  |b the resource for plastics engineers /  |c Osswald ... [et al.] 
250 |a 4th ed. 
260 |a Munich :  |b Hanser Publishers ;  |a Cincinnati :  |b Hanser Gardner Publications,  |c c2006 
300 |a xvii, 902 s.  |b il. 
504 |a Obsahuje bibliografii a rejstřík 
650 0 4 |a PLASTY 
650 0 4 |a POLYMERY 
655 0 7 |a příručky  |7 fd133209  |2 czenas 
700 1 |a Osswald, Tim A.  |7 xx0008196  |4 aut 
910 |a ZLD002 
952 |0 0  |1 0  |4 0  |6 6785INTERNATIONAL  |7 0  |8 BOOK  |9 70538  |a UTBZL  |b UTBZL  |c 015  |d 2006-11-06  |l 1  |m 2  |o 678.5/INTERNATIONAL  |p 420010103559  |q 2028-12-31  |r 2019-08-25 00:00:00  |v 2998.00  |w 2019-08-25  |x opravit signaturu | N:nákup | 20100930  |y 08 
952 |0 0  |1 0  |4 0  |6 6785INTERNATIONAL  |7 0  |8 BOOK  |9 70539  |a UTBZL  |b UTBZL  |c 015  |d 2006-11-28  |l 2  |m 2  |o 678.5/INTERNATIONAL  |p 420010104243  |q 2027-02-01  |r 2022-02-08 00:00:00  |s 2022-02-08  |v 3025.00  |w 2019-08-25  |x opravit signaturu | N:nákup | 20100930  |y 08 
992 |a BK  |d 2 
999 |c 29178  |d 29178